Vista normal
Vista MARC
Entrada Topical Term
Número de registros utilizados en: 1
001 - CONTROL NUMBER
- control field: 18388
003 - CONTROL NUMBER IDENTIFIER
- control field: OSt
005 - DATE AND TIME OF LATEST TRANSACTION
- control field: 20230915230706.0
008 - FIXED-LENGTH DATA ELEMENTS
- fixed length control field: 230915|| aca||aabn | a|a d
040 ## - CATALOGING SOURCE
- Original cataloging agency: OSt
- Transcribing agency: OSt
150 ## - HEADING--TOPICAL TERM
- Topical term or geographic name entry element: INDIGENAS DE COLOMBIA - LENGUAS - BUA
670 ## - SOURCE DATA FOUND
- Source citation: Work cat.: (OSt)23673: Colombia, Ministerio de Gobierno, Dirección Genral de integración y desarrollo de la Comunidad 18387, Ejercicios de morfología y de sistaxis en diferentes lenguas colombianas, Colombia Ministerio de Gobierno